علاقات خطرة : (Record no. 15764)
[ view plain ]
| 000 -الفاتح | |
|---|---|
| حقل البيانات ثابتة الطول | 01128nam a22001937a 4500 |
| 008 - عناصر البيانات ثابتة الطول - معلومات عامة | |
| حقل البيانات ثابتة الطول | 110731s1992 xxu||||| |||| 00| 0 ara d |
| 082 ## - رقم تصنيف ديوى العشرى | |
| رقم الطبعة | 22 |
| رقم التصنيف | 327.730 |
| رقم المادة | ك و ك |
| 100 1# - المدخل الرئيسى - إسم شخصى | |
| 9 (RLIN) | 26495 |
| الإسم الشخصى | كوكبيرن ، اندرو |
| 245 ## - بيان العنوان | |
| العنوان | علاقات خطرة : |
| بقية العنوان | القصة الخفية للعلاقات السرية الأميركية الاسرائيلية / |
| بيان المسئوليه,etc | اندرو كوكبيرن ، ليسلي كوكبيرن ؛ ترجمة محمود برهوم |
| 260 ## - PUBLICATION, DISTRIBUTION, ETC. (IMPRINT) | |
| مكان الناشر او الموزع | بيروت : |
| اسم الناشر او الموزع | المؤسسة العربية للدراسات والنشر ، |
| تاريخ النشر أو التوزيع | 1992. |
| 300 ## - الوصف المادى | |
| التعداد | 303 ص : |
| تفاصيل ماديه اخرى للوعاء | صور ؛ |
| أبعاد الوعاء | 24 سم. |
| 650 ## - المدخل الاضافى بالموضوع-مصطلح موضوعى | |
| 9 (RLIN) | 26505 |
| مصطلح موضوعي أو اسم جغرافي كعنصر مدخل | الولايات المتحدة الامريكية |
| التقسيم الفرعي العام | علاقات خارجية |
| التقسيم الفرعي الجغرافي | اسرائيل |
| 650 ## - المدخل الاضافى بالموضوع-مصطلح موضوعى | |
| 9 (RLIN) | 26504 |
| مصطلح موضوعي أو اسم جغرافي كعنصر مدخل | اسرائيل |
| التقسيم الفرعي العام | علاقات خارجية |
| التقسيم الفرعي الجغرافي | الولايات المتحدة الامريكية |
| 653 ## - مصطلح تكشيفى غير مقيد | |
| Resource For college | |
| Arrived date list | July2011 |
| 700 ## - المدخل الاضافى - اسم شخصى | |
| 9 (RLIN) | 26496 |
| الإسم الشخصى | كوكبيرن ، ليسلي |
| 700 ## - المدخل الاضافى - اسم شخصى | |
| 9 (RLIN) | 26497 |
| الإسم الشخصى | برهوم ، محمود |
| الدور | ترجمة |
| 942 ## - عناصر المدخل الإضافي( كوها) | |
| مصدر التصنيف او مخطط الترفيف | Dewey Decimal Classification |
| Koha [default] item type | Book - Borrowing |
| حالة التراجع | حالة الفقد | مصدر التصنيف او خطة الترفيف | حالة تلف | ليس للاعارة | مجموعات كوها | المكان الدائم | المكان الحالي | موقع الترفيف | تاريخ الاكتساب | Source of acquisition | رقم الاستدعاء | الباركود | Date last seen | نوع الوعاء |
|---|---|---|---|---|---|---|---|---|---|---|---|---|---|---|
| Dewey Decimal Classification | Alef-Baa | Central Library | Central Library | First floor | 31/07/2011 | 327.730 ك و ك | 000023962 | 15/07/2025 | Book - Borrowing |